|
|
|
|
| LEADER |
00000cam a22000004a 4500 |
| 001 |
musev2_65631 |
| 003 |
MdBmJHUP |
| 005 |
20230905050744.0 |
| 006 |
m o d |
| 007 |
cr||||||||nn|n |
| 008 |
180406s1975 onc o 00 0 eng d |
| 020 |
|
|
|a 9781772823875
|
| 020 |
|
|
|z 1772823872
|
| 035 |
|
|
|a (OCoLC)1132688110
|
| 040 |
|
|
|a MdBmJHUP
|c MdBmJHUP
|
| 100 |
1 |
|
|a MacKinnon, Joan.
|
| 245 |
1 |
2 |
|a Checklist of Toronto cabinet and chair makers, 1800-1865 /
|c Joan MacKinnon.
|
| 264 |
|
1 |
|a Ottawa :
|b National Museums of Canada,
|c 1975.
|
| 264 |
|
3 |
|a Baltimore, Md. :
|b Project MUSE,
|c 2020
|
| 264 |
|
4 |
|c ©1975.
|
| 300 |
|
|
|a 1 online resource (203 pages):
|b illustrations
|
| 336 |
|
|
|a text
|b txt
|2 rdacontent
|
| 337 |
|
|
|a computer
|b c
|2 rdamedia
|
| 338 |
|
|
|a online resource
|b cr
|2 rdacarrier
|
| 490 |
0 |
|
|a Mercury series,
|x 0316-1854
|
| 490 |
0 |
|
|a Paper - History Division ;
|v no. 11,
|x 0316-1900
|
| 588 |
|
|
|a Description based on print version record.
|
| 650 |
|
7 |
|a Furniture industry and trade.
|2 fast
|0 (OCoLC)fst00936544
|
| 650 |
|
7 |
|a Economic history.
|2 fast
|0 (OCoLC)fst00901974
|
| 650 |
|
6 |
|a Meubles
|x Industrie
|z Ontario
|z Toronto
|v Repertoires.
|
| 650 |
|
0 |
|a Furniture industry and trade
|z Ontario
|z Toronto
|v Directories.
|
| 651 |
|
7 |
|a Ontario
|z Toronto.
|2 fast
|0 (OCoLC)fst01205798
|
| 651 |
|
0 |
|a Toronto (Ont.)
|x Economic conditions.
|
| 655 |
|
7 |
|a Directories.
|2 fast
|0 (OCoLC)fst01423796
|
| 655 |
|
7 |
|a Electronic books.
|2 local
|
| 710 |
2 |
|
|a Project Muse.
|e distributor
|
| 830 |
|
0 |
|a Book collections on Project MUSE.
|
| 856 |
4 |
0 |
|z Texto completo
|u https://projectmuse.uam.elogim.com/book/65631/
|
| 945 |
|
|
|a Project MUSE - Custom Collection
|
| 945 |
|
|
|a Project MUSE - Archive Complete Supplement VIII
|
| 945 |
|
|
|a Project MUSE - Archive History Supplement VIII
|